Využitie objektových vlastností a implementačných vzorov pri tvorbe IS záverečná správa o riešení projektu 170016/02

Enregistré dans:
Détails bibliographiques
Auteur principal: Russev, Stojan Todorov
Collectivité auteur: Ekonomická univerzita v Bratislave. Fakulta hospodárskej informatiky
Format: Livre
Langue:slovaque
anglais
Publié: Bratislava 2004
Sujets:
Tags: Ajouter un tag
Pas de tags, Soyez le premier à ajouter un tag!

MARC

LEADER 00000nam$a2200000$$$4500
001 0066998
005 20240503084918.2
041 0 |a slo 
041 0 |a eng 
044 |a SK 
245 1 0 |a Využitie objektových vlastností a implementačných vzorov pri tvorbe IS  |b záverečná správa o riešení projektu 170016/02  |c vedúci projektu: Stojan Russev 
264 1 |a Bratislava  |c 2004 
300 |a [60] s. 
610 2 0 |a systémy informačné 
610 2 0 |a programovanie objektové 
100 1 |a Russev, Stojan Todorov 
710 2 |a Ekonomická univerzita v Bratislave. Fakulta hospodárskej informatiky